Eastern Utah Libraries Catalog: Duchesne, Heber, Roosevelt, & Vernal

Cilka's journey : (Record no. 248300)

MARC details
000 -LEADER
fixed length control field 01420nam a22003858i 4500
001 - CONTROL NUMBER
control field BK0025194872
005 - DATE AND TIME OF LATEST TRANSACTION
control field 20210512140111.0
008 - FIXED-LENGTH DATA ELEMENTS--GENERAL INFORMATION
fixed length control field 190809s2019 nyu 000 1 eng d
010 ## - LIBRARY OF CONGRESS CONTROL NUMBER
LC control number bl2019023647
020 ## - INTERNATIONAL STANDARD BOOK NUMBER
International Standard Book Number 9781250265708 : HRD
Terms of availability 27.99
020 ## - INTERNATIONAL STANDARD BOOK NUMBER
International Standard Book Number 1250265703 : HRD
Terms of availability 27.99
037 ## - SOURCE OF ACQUISITION
Source of stock number/acquisition St Martins Pr, C/O Mps 16365 James Madison Hwy Us Hwy 15, Gordonsville, VA, USA, 22942, (212)6745151
Note SAN 631-5011
040 ## - CATALOGING SOURCE
Original cataloging agency NjBwBT
Language of cataloging eng
Transcribing agency NjBwBT
Description conventions rda
050 14 - LIBRARY OF CONGRESS CALL NUMBER
Classification number PR9639.4.M668
Item number C55 2019
082 04 - DEWEY DECIMAL CLASSIFICATION NUMBER
Classification number 823/.92
Edition number 23
092 ## - LOCALLY ASSIGNED DEWEY CALL NUMBER (OCLC)
Classification number 823.9200
100 1# - MAIN ENTRY--PERSONAL NAME
Personal name Morris, Heather
Titles and other words associated with a name (Screenwriter),
Relator term author.
9 (RLIN) 6417531
245 10 - TITLE STATEMENT
Title Cilka's journey :
Remainder of title a novel /
Statement of responsibility, etc Heather Morris.
246 #4 - VARYING FORM OF TITLE
Remainder of title The Tattooist of Auschwitz
246 #4 - VARYING FORM OF TITLE
Remainder of title The Tattooist of Auschwitz Book Two
246 #4 - VARYING FORM OF TITLE
Remainder of title The Tattooist of Auschwitz Book 2
250 ## - EDITION STATEMENT
Edition statement First edition.
264 #1 - Production, Publication, Distribution, Manufacture, and Copyright Notice.
Place of production, publication, distribution, manufacture New York :
Name of producer, publisher, distributor, manufacturer St. Martin's Press,
Date of production, publication, distribution, manufacture, or copyr 2019.
300 ## - PHYSICAL DESCRIPTION
Extent pages cm
336 ## - Content Type
Content type term text
337 ## - Media type
Media type term unmediated
338 ## - Carrier type
Carrier type term volume
440 #4 - SERIES STATEMENT/ADDED ENTRY--TITLE
Title The Tattooist of Auschwitz :
Volume number/sequential designation Book 2
9 (RLIN) 6417538
610 20 - SUBJECT ADDED ENTRY--CORPORATE NAME
Corporate name or jurisdiction name as entry element Birkenau (Concentration camp)
Form subdivision Fiction.
9 (RLIN) 5798085
650 #0 - SUBJECT ADDED ENTRY--TOPICAL TERM
Topical term or geographic name as entry element Women prisoners
Geographic subdivision Russia
-- Siberia
Form subdivision Fiction.
9 (RLIN) 5798082
650 #0 - SUBJECT ADDED ENTRY--TOPICAL TERM
Topical term or geographic name as entry element Ex-concentration camp inmates
Form subdivision Fiction.
9 (RLIN) 5798084
651 #0 - SUBJECT ADDED ENTRY--GEOGRAPHIC NAME
Geographic name Siberia (Russia)
Form subdivision Fiction.
9 (RLIN) 5798083
655 #7 - INDEX TERM--GENRE/FORM
Genre/form data or focus term Historical fiction.
Source of term gsafd
9 (RLIN) 102701
942 ## - ADDED ENTRY ELEMENTS (KOHA)
Source of classification or shelving scheme Dewey Decimal Classification
Koha item type BOOK
Holdings
Withdrawn status Lost status Source of classification or shelving scheme Damaged status Not for loan Collection code Home library Current library Shelving location Date acquired Cost, normal purchase price Total Checkouts Total Renewals Full call number Barcode Date last seen Date checked out Cost, replacement price Price effective from Koha item type
    Dewey Decimal Classification     Fiction Wasatch County Library Wasatch County Library First Floor 11/18/2019 27.99 29 25 F Morris 34301001658113 01/14/2026 11/20/2025 27.99 03/20/2020 BOOK
This project was made possible through a grant from the Institute of Museum and Library Service administered by the Utah State Library Division.

Wasatch County Library

  • 465 East 1200 South, Heber City, Utah 84032
  • Phone 435-654-1511 | Fax 435-654-6456

Hours

  • Monday - Friday 9:30 AM - 8:00 PM
  • Saturday 9:30 AM - 1:30 PM
  • Closed Sundays and Holidays